|
|
|
|
| LEADER |
01355nam a22002537a 4500 |
| 001 |
44638 |
| 003 |
BD-DhAAL |
| 005 |
20250826130114.0 |
| 008 |
250826t1992 bg a|||| |||| 00| 0 ben d |
| 040 |
|
|
|a BD-DhAAL
|c BD-DhAAL
|
| 041 |
|
|
|a ben
|
| 082 |
|
|
|a 891.44371
|2 23
|
| 100 |
|
|
|a ইকবাল, মুহম্মদ জাফর.
|
| 245 |
|
|
|a বিজ্ঞানী সফদর আলীর মহা মহা আবিষ্কার /
|c মুহম্মদ জাফর ইকবাল.
|
| 260 |
|
|
|a ঢাকা :
|b মোহনা প্রকাশনী,
|c ১৯৯২.
|
| 300 |
|
|
|a ১১৮ পৃষ্ঠা :
|b চিত্র ;
|c ২২ সে.মি.
|
| 500 |
|
|
|a প্রথম প্রকাশ
|
| 541 |
|
|
|a Donated by Farhana Zahir, Assistant Professor, BRAC Business School, BRAC University
|e 44638
|
| 650 |
|
|
|a Science fiction, Bengali.
|9 58796
|
| 650 |
|
|
|a Bengali literature.
|
| 852 |
|
|
|a Ayesha Abed Library
|c General Stacks
|
| 942 |
|
|
|2 ddc
|c BK
|
| 999 |
|
|
|c 47415
|d 47415
|
| 952 |
|
|
|0 0
|1 0
|2 ddc
|4 0
|6 891_443710000000000_IQB
|7 0
|9 78047
|a BRACUL
|b BRACUL
|c GEN
|d 2025-08-26
|e Donated by Farhana Zahir, Assistant Professor, BRAC Business School, BRAC University
|g 60.00
|l 2
|m 2
|o 891.44371 IQB
|p 3010044638
|r 2026-04-02
|s 2026-03-08
|t 1
|v 120.00
|w 2025-08-26
|y BK
|x Donated by Farhana Zahir, Assistant Professor, BRAC Business School, BRAC University
|